00458nam a2200121 a 450000500170000000800410001705000210005810000230007924501210010226000750022330000140029865000240031220140408090121.0060801s19uu xx 00 eng d aPGS '06bBUL #16 aBulaong, Mariel M. aEffects of the Children's International Summer Village on the confidence level of the children /cMariel M. Bulaong. aLas Pinas City :bSouthville International School and Colleges,c2006. a39 leaves aDescriptive method.